000 01558nam a2200385 a 4500
001 ebr10733345
003 CaPaEBR
006 m o u
007 cr cn|||||||||
008 130730s2014 enkab sb 001 0 eng d
020 _z9781444349863
020 _z9781118611081 (epub)
020 _z9781118610923 (mobi)
020 _z9781118610817 (epdf)
040 _aCaPaEBR
_cCaPaEBR
035 _a(OCoLC)857078268
043 _ae-gr---
050 1 4 _aHQ13
_b.S556 2014eb
082 0 4 _a306.70937/6
_223
100 1 _aSkinner, Marilyn B.
245 1 0 _aSexuality in greek and roman culture
_h[electronic resource]
_cMarilyn B. Skinner.
250 _a2nd ed.
260 _aChichester, West Sussex, U.K. :
_bWiley-Blackwell,
_cc2014.
300 _a1 online resource (xxxi, 426 p.) :
_bill., maps.
440 0 _aAncient cultures
504 _aIncludes bibliographical references at the end of each chapters and index.
533 _aElectronic reproduction.
_bPalo Alto, Calif. :
_cebrary,
_d2013.
_nAvailable via World Wide Web.
_nAccess may be limited to ebrary affiliated libraries.
588 _aDescription based on online resource; title from title page (ebrary, viewed July 30, 2013).
650 0 _aSex customs
_zGreece
_xHistory
_yTo 1500
_vTextbooks.
650 0 _aSex customs
_zRome
_xHistory
_vTextbooks.
655 7 _aElectronic books.
_2local
710 2 _aebrary, Inc.
856 4 0 _uhttp://site.ebrary.com/lib/rucke/Doc?id=10733345
_zAn electronic book accessible through the World Wide Web; click to view
922 _aInnodata Copy
999 _c36325
_d36325